| 000 | 01279nam a22003257i 4500 | ||
|---|---|---|---|
| 003 | EG-GICUC | ||
| 005 | 20260420163156.0 | ||
| 008 | 260420s1911 fr fr|||| 001 0 fre d | ||
| 040 |
_aEG-GiCUC _bfre _cEG-GiCUC _dEG-GiCUC _eRda |
||
| 041 | _afre | ||
| 082 | 0 | 4 |
_221 _a343.8 _bBA . C |
| 092 | 0 | 4 | _221 |
| 099 | _aLaw1 10 343.8 BA . C 1 Ed - 1911 | ||
| 100 | 1 |
_a Barbier, Georges. _eAuteur |
|
| 245 |
_a Code expliqué de la presse : _b traité général de la police de la presse et des délits de publication, _nTOME SECOND/ _c par M. Georges Barbier ; par Paul Matter et J. Rondelet. |
||
| 250 |
_a Deuxième édition, _b complètement refondue et mise au courant de la doctrine, de la législation et de la jurisprudence. |
||
| 264 |
_a Paris : _b Marchal & Billard : Marchal, _c1911. |
||
| 300 |
_a514 page : _billustration ; _c 24 cm. |
||
| 336 |
_2rda contenu _a texte |
||
| 337 |
_2rda medias _aOrdinateur |
||
| 338 |
_2 transporteur rda _a Ressource en ligne |
||
| 504 | _aComprend des références bibliographiques. | ||
| 650 | 1 |
_aDroit pénal. _2qrmak |
|
| 651 | 1 | _2qrmak | |
| 700 | 1 |
_a Matter, Paul. _eAuteur |
|
| 700 | 1 |
_a Rondelet, _eAuteur |
|
| 856 | 4 | 0 | _uhttps://fll.law.cu.edu.eg/fulltext/bks/B10-10590.pdf |
| 905 | _a171 | ||
| 942 |
_2ddc _cBK _e21 _n0 |
||
| 999 |
_c72331 _d72331 |
||